| 000 | 00521nam a2200193 a 4500 | ||
|---|---|---|---|
| 005 | 20210223122018.0 | ||
| 008 | 991125s1987 es 000 0 spa u | ||
| 020 | _a8432985546 | ||
| 035 | _aUPN01000027841 | ||
| 049 | _aCG | ||
| 050 | 4 |
_aNK3780 _bC6.38 |
|
| 100 | 1 | _aCooper, Emmanuel | |
| 245 | 1 | 0 |
_aHistoria de la cerĂ¡mica / _cEmmanuel Cooper. |
| 260 |
_aBarcelona, Esp. : _bCEAC, _c1987. |
||
| 300 |
_a223 p. : _bil. |
||
| 440 | 0 | _aBiblioteca de cerĂ¡mica | |
| 650 | 4 |
_aCERAMICA - _xHISTORIA _99614 |
|
| 905 | _aLibro | ||
| 999 |
_c27841 _d27841 |
||